MARC

LEADER 00000nam0a2200000 4500
001 278603
005 20231101235129.0
035 |a (RuTPU)RU\TPU\book\301880 
090 |a 278603 
100 |a 20141212d1985 k y0rusy5003 ca 
101 0 |a rus 
102 |a RU 
105 |a a z 001zy 
200 1 |a Ингибиторы коррозии металлов  |e межвузовский сборник научных трудов  |f Московский государственный педагогический институт (МГПИ) ; отв. ред. Н. И. Подобаев 
210 |a Москва  |c Изд-во МГПИ  |d 1985 
215 |a 180 с.  |c ил. 
320 |a Библиография в конце статей 
606 1 |a Ингибиторы коррозии  |x Металлургия  |2 stltpush  |3 (RuTPU)RU\TPU\subj\12475  |9 39253 
610 1 |a коррозия 
610 1 |a замедлители 
610 1 |a сталь 
610 1 |a стальные поверхности 
610 1 |a отложения 
610 1 |a очистка 
610 1 |a скорость 
610 1 |a качество 
610 1 |a добавки 
610 1 |a влияние 
675 |a 669:620.197.3  |z rus  |v 4 
702 1 |a Подобаев  |b Н. И.  |g Николай Иванович  |4 340 
712 0 2 |a Московский государственный педагогический институт (МГПИ)  |c (1930-1941)  |2 stltpush  |3 (RuTPU)RU\TPU\col\19740 
801 0 |a RU  |b RuMRKP  |c 19950704  |g psbo 
801 1 |a RU  |b 63413507  |c 20141212 
801 2 |a RU  |b 63413507  |c 20180112  |g RCR 
942 |c BK